Bài giảng khí tượng nông nghiệp

Bài giảng xoay quanh những nội dung như: thành phần và cấu tạo của không khí, bức xạ mặt trời, nhiệt độ đất và nhiệt độ nước, nhiệt độ không khí, nước trong khí quyển. Ngoài ra, bài giảng còn nêu đại cương khí hậu Việt Nam, nước và h...

Description complète

Enregistré dans:
Détails bibliographiques
Auteur principal: Nguyễn, Văn Tình
Format: Livre
Langue:Undetermined
Publié: Cần Thơ Trường Đại học Cần Thơ 2000
Sujets:
Tags: Ajouter un tag
Pas de tags, Soyez le premier à ajouter un tag!
Thư viện lưu trữ: Trung tâm Học liệu Trường Đại học Cần Thơ
LEADER 01004nam a2200193Ia 4500
001 CTU_39158
008 210402s9999 xx 000 0 und d
082 |a 630.2515 
082 |b T312 
100 |a Nguyễn, Văn Tình 
245 0 |a Bài giảng khí tượng nông nghiệp 
245 0 |c Nguyễn Văn Tình (Biên soạn) 
260 |a Cần Thơ 
260 |b Trường Đại học Cần Thơ 
260 |c 2000 
520 |a Bài giảng xoay quanh những nội dung như: thành phần và cấu tạo của không khí, bức xạ mặt trời, nhiệt độ đất và nhiệt độ nước, nhiệt độ không khí, nước trong khí quyển. Ngoài ra, bài giảng còn nêu đại cương khí hậu Việt Nam, nước và hoạt động nông nghiệp. 
650 |a Meteorology, agricultural 
904 |i Thùy Trang (sửa) 
980 |a Trung tâm Học liệu Trường Đại học Cần Thơ